Catálogo público

Desarrollo rural sostenible: (Record no. 218125)

MARC details
000 -CABECERA
campo de control de longitud fija 02805nam a22002897a 4500
003 - IDENTIFICADOR DEL NÚMERO DE CONTROL
campo de control OSt
005 - FECHA Y HORA DE LA ÚLTIMA TRANSACCIÓN
campo de control 20251024113602.0
007 - CAMPO FIJO DE DESCRIPCIÓN FÍSICA--INFORMACIÓN GENERAL
campo de control de longitud fija cr ||||||auc|a
008 - DATOS DE LONGITUD FIJA--INFORMACIÓN GENERAL
campo de control de longitud fija 230120b2021 mx ||||fom||| 001 0 spa d
040 ## - FUENTE DE LA CATALOGACIÓN
Normas de descripción rda
100 1# - ENTRADA PRINCIPAL--NOMBRE DE PERSONA
9 (RLIN) 185944
Nombre de persona Sánchez Gastélum, Carolina del Rosario
245 1# - MENCIÓN DE TÍTULO
Título Desarrollo rural sostenible:
Resto del título experiencias de producción de jatropha curcas en dos regiones de México /
Mención de responsabilidad, etc. por Carolina del Rosario Sánchez Gastélum; director de tesis Ibis Hortensia Mirella Sepúlveda González
264 1# - PRODUCCIÓN, PUBLICACIÓN, DISTRIBUCIÓN, FABRICACIÓN Y COPYRIGHT
Producción, publicación, distribución, fabricación y copyright Chapingo, México :
Nombre del de productor, editor, distribuidor, fabricante El autor,
Fecha de producción, publicación, distribución, fabricación o copyright 2021.
300 ## - DESCRIPCIÓN FÍSICA
Extensión 1 recurso en línea (232 páginas).
336 ## - TIPO DE CONTENIDO
Fuente rdacontent
Término de tipo de contenido texto
Código de tipo de contenido txt
337 ## - TIPO DE MEDIO
Fuente rdamedia
Nombre/término del tipo de medio computadora
Código del tipo de medio c
338 ## - TIPO DE SOPORTE
Fuente rdacarrier
Nombre/término del tipo de soporte recurso en línea
Código del tipo de soporte cr
502 ## - NOTA DE TESIS
Tipo de título Doctorado en Ciencias en Ciencias Agrarias
Nombre de la institución que otorga el título Departamento de Sociología Rural,
Año de obtención del título 2021.
Información miscelánea Doctorado
504 ## - NOTA DE BIBLIOGRAFÍA, ETC.
Nota de bibliografía, etc. Incluye referencias bibliográficas: páginas 217-232
520 ## - SUMARIO, ETC.
Sumario, etc. Se valoró en campo, bajo condiciones diferentes, en el estado de Campeche (2017- 2020) y en el sur del Estado de México (2019- 2020), el potencial productivo, económico, ambiental y sociocultural de una propuesta basada en el cultivo de Jatropha curcas (Jatropha) no tóxica, con la intención de valorar procesos de desarrollo rural sostenible bajo una visión agroecológica, en sistemas agrosilvopastoriles, encontrándose múltiples usos potenciales tanto bioenergéticos, agroindustriales y artesanales, como ambientales y de alimentación humana y animal. Se utilizó como base los indicadores de la Asociación Global de la Bioenergía (GBEP), el marco analítico BEFS (Bioenergía y la Seguridad Alimentaria) y los componentes centrales de la agricultura campesina. En total se detectaron 23 elementos de análisis de los dos proyectos estudiados, 11 fueron expresados cualitativamente y 12 cuantitativamente, usando una gráfica de telaraña o AMEBA. Para la recolección de información se utilizó la encuesta y la entrevista semiestructurada y en profundidad. Se concluye que, aunque se encontraron algunos puntos críticos que requieren especial atención, como el largo periodo de establecimiento del cultivo (cuatro años), el alto uso de herbicidas, el poco uso de abonos orgánicos y la baja participación femenina; aun así, resultó una opción rentable, inclusiva, resiliente, con la capacidad de adaptarse a las particularidades físicas y socioculturales de la región, sin comprometer los recursos naturales.
650 #4 - PUNTO DE ACCESO ADICIONAL DE MATERIA--TÉRMINO DE MATERIA
9 (RLIN) 135370
Término de materia o nombre geográfico como elemento de entrada Jatropha curcas
Subdivisión general Aprovechamiento
650 #4 - PUNTO DE ACCESO ADICIONAL DE MATERIA--TÉRMINO DE MATERIA
9 (RLIN) 133326
Término de materia o nombre geográfico como elemento de entrada Jatropha
Subdivisión general Valor nutritivo
650 #4 - PUNTO DE ACCESO ADICIONAL DE MATERIA--TÉRMINO DE MATERIA
9 (RLIN) 129610
Término de materia o nombre geográfico como elemento de entrada Biocombustibles
Subdivisión general Producción
700 0# - PUNTO DE ACCESO ADICIONAL--NOMBRE DE PERSONA
Nombre de persona Sepúlveda González, Ibis H.
Término indicativo de función/relación Director de tesis
9 (RLIN) 104479
856 ## - LOCALIZACIÓN Y ACCESO ELECTRÓNICOS
Identificador Uniforme del Recurso http://10.13.5.2/tesis/td/2021_SR_Sanchez_Gastelum_CarolinadelRosario.pdf
Nota pública DESCARGAR PDF
942 ## - ELEMENTOS DE PUNTO DE ACCESO ADICIONAL (KOHA)
Fuente del sistema de clasificación o colocación Clasificación Universidad Autónoma Chapingo
Tipo de ítem Koha Tesis digital
Holdings
Estado de retiro Estado de pérdida Fuente del sistema de clasificación o colocación Estado dañado Restricciones de uso No para préstamo Código de colección Localización permanente Ubicación/localización actual Ubicación en estantería Fecha de adquisición Total de préstamos Signatura topográfica completa Fecha visto por última vez Precio válido a partir de Tipo de ítem Koha
    Clasificación Universidad Autónoma de Chapingo   Préstamo interno   Tesis digitales de Doctorado Biblioteca Digital Biblioteca Digital En línea 01/02/2023   Tesis digital 01/02/2023 01/02/2023 Tesis digital